Library of the University of Algiers 3
Ibrahim Sultan Cheibout
شعار جامعة الجزائر 3
مكتبة جامعة الجزائر 3
إبراهيم سلطان شيبوط

المسؤولية الالكترونية / (رقم التسجيلة. 42480)

تفاصيل مارك
000 -LEADER
fixed length control field 01598nam a2200217Ia 4500
003 - CONTROL NUMBER IDENTIFIER
control field Ost
005 - DATE AND TIME OF LATEST TRANSACTION
control field 20260507075038.0
008 - FIXED-LENGTH DATA ELEMENTS--GENERAL INFORMATION
fixed length control field 260507s9999||||xx |||||||||||||| ||und||
040 ## - CATALOGING SOURCE
Transcribing agency fsecg
041 ## - LANGUAGE CODE
Language code of text/sound track or separate title ara
082 ## - DEWEY DECIMAL CLASSIFICATION NUMBER
Classification number 330
100 ## - MAIN ENTRY--PERSONAL NAME
Personal name منصور، محمد حسين
Relator term مؤلف
245 #0 - TITLE STATEMENT
Title المسؤولية الالكترونية /
Statement of responsibility, etc. محمد حسين منصور
260 ## - PUBLICATION, DISTRIBUTION, ETC.
Place of publication, distribution, etc. الاسكندرية:
Name of publisher, distributor, etc. دار الجامعة الجديدة,
Date of publication, distribution, etc. 2003
300 ## - PHYSICAL DESCRIPTION
Extent 444 صفحة؛
Other physical details إيضاحات ؛
Dimensions 24 سم
520 ## - SUMMARY, ETC.
Summary, etc. المسؤولية العقدية الالكترونية-تنوع المعاملات الالكترونية-المسؤولية بصدد إجراء المعاملات الالكترونية-المسؤولية بصدد تنفيذ المعاملات الالكترونية-المسؤولية في مواجهة المستهلك الالكتروني-المسؤوليةالتقصيرية الالكترونية-المسؤولية الجنائية الالكترونية-مسؤولية مقدمي الخدمة الوسيطة في الانترنيت-مسؤولية مستخدم الانترنت-المسؤولية المعلوماتية الالكترونية-المسؤولية الالكترونية عن حقوق الملكية الفكرية-المسؤولية الالكترونية عن السرية والخصوصية-المسؤولية عن الفضائيات-الأحكام العامة للمسؤولية الالكترونية
653 ## - INDEX TERM--UNCONTROLLED
Uncontrolled term الانترنيت
653 ## - INDEX TERM--UNCONTROLLED
Uncontrolled term الجرائم
653 ## - INDEX TERM--UNCONTROLLED
Uncontrolled term المسؤولية الجنائية
942 ## - ADDED ENTRY ELEMENTS (KOHA)
Koha item type كتب
المقتنيات
Withdrawn status Lost status Source of classification or shelving scheme Damaged status Not for loan Home library Current library Date acquired Serial enumeration / chronology Inventory number Total checkouts Full call number Barcode Date last seen Price effective from Koha item type
    Dewey Decimal Classification   NOT LOAN / إعارة داخلية مكتبة كلية العلوم الإقتصادية والعلوم التجارية وعلوم التسيير مكتبة كلية العلوم الإقتصادية والعلوم التجارية وعلوم التسيير 07/05/2026 الطابق الأرضي 326/1   أ/326ن1 326/1 07/05/2026 07/05/2026 كتب
    Dewey Decimal Classification   Available مكتبة كلية العلوم الإقتصادية والعلوم التجارية وعلوم التسيير مكتبة كلية العلوم الإقتصادية والعلوم التجارية وعلوم التسيير 07/05/2026 الطابق الأرضي 326/2   أ/326ن2 326/2 07/05/2026 07/05/2026 كتب
    Dewey Decimal Classification   Available مكتبة كلية العلوم الإقتصادية والعلوم التجارية وعلوم التسيير مكتبة كلية العلوم الإقتصادية والعلوم التجارية وعلوم التسيير 07/05/2026 الطابق الأرضي 326/3   أ/326ن3 326/3 07/05/2026 07/05/2026 كتب
    Dewey Decimal Classification   Available مكتبة كلية العلوم الإقتصادية والعلوم التجارية وعلوم التسيير مكتبة كلية العلوم الإقتصادية والعلوم التجارية وعلوم التسيير 07/05/2026 الطابق الثاني 326/4   أ/326ن4 326/4 07/05/2026 07/05/2026 كتب

موارد الويب المفتوحة


© University of Algiers 3 All Rights Reserved
|
Implemented by LECHELAH Riad